|
|
|
|
| LEADER |
00626cam a2200205 a 4500 |
| 001 |
0000134630 |
| 005 |
20140523090000.0 |
| 040 |
|
|
|a mod
|
| 041 |
|
|
|a eng
|
| 020 |
|
|
|a 0733567819
|
| 090 |
0 |
0 |
|a F
|b WEB
|e 2006
|
| 100 |
1 |
|
|a Webb, Debra
|
| 245 |
1 |
0 |
|a Person of interest
|c Debra Webb
|
| 260 |
|
|
|a Chatswood, N.S.W.
|b Harlequin Mills & Boon
|c 2006
|
| 300 |
|
|
|a 249 p.
|c 17 cm
|
| 490 |
0 |
|
|a Intrigue ; 701
|
| 650 |
0 |
0 |
|a Love stories
|
| 852 |
0 |
0 |
|a 01
|
| 999 |
|
|
|a B000020699
|b KDSI LUMUT
|d BOOKS
|e Fiksyen (F)
|f Other Branches
|j AVAILABLE
|q GOOD CONDITION
|
| 999 |
|
|
|a B000025893
|b KDSI LUMUT
|d BOOKS
|e Fiksyen (F)
|f Other Branches
|j AVAILABLE
|q GOOD CONDITION
|